000 00714nam a2200241 a 4500
001 68374
003 BD-RjUL
005 20211209081749.0
008 780804r20041971ii a b 001 0 eng
020 _a8123909225
035 _a(BD-RjUL)68584
040 _aDLC
_cTxCM
_dDLC
_beng
041 _aeng
082 _223
_a636.089
_bROV 2004
100 1 _aRoberts, Stephen J.
_9202709
245 1 0 _aVeterinary obstetrics and genital diseases /
_cStephen J Roberts
250 _a2nd ed.
260 _aNew Delhi :
_bCBS Publisher and Distributes,
_c1997 [reprinted 2004]
300 _a776 p. :
_bill. ;
_c29 cm.
504 _aIncludes bibliography and index
650 0 _aVeterinary Science
_9162774
942 _2ddc
_cBK
999 _c68374
_d68374